| 000 | 00989nam a22002537a 4500 | ||
|---|---|---|---|
| 003 | PE SENCICO BE | ||
| 005 | 20251020182651.0 | ||
| 008 | 240202b |||||||| |||| 00| 0 eng d | ||
| 040 |
_aPE SENCICO BE _cPE SENCICO BE |
||
| 041 | _aspa | ||
| 084 |
_aI _aDIS _a2017 _bQ6 |
||
| 100 | 1 |
_91932 _aQuijano Muñoz, Oliver Martin _eautor |
|
| 245 | 1 |
_aPrincipios del diseño en spa / _cOliver Martin Quijano Muñoz |
|
| 260 |
_aLima : _c2017 |
||
| 300 |
_a29 h. : _bli. col., tabls.; _c30 cm. |
||
| 502 | _aMonografía de Titulación.-- Servicio Nacional de Capacitación para la Industria de la Construcción. Escuela Superior Técnica. Carrera Profesional Técnica en Diseño de Interiores, 2017 | ||
| 650 | 1 | 0 |
_944 _aDiseño de interiores |
| 650 | 2 | 0 |
_91008 _aSpas |
| 650 | 2 | 0 |
_9707 _aHistoria |
| 650 | 2 | 0 |
_9615 _aPlanos |
| 710 | 1 |
_aServicio Nacional de Capacitación para la Industria de la Construcción. _bEscuela Superior Técnica _91065 |
|
| 910 |
_bhfp _chfp |
||
| 942 |
_cMON _2ddc |
||
| 999 |
_c4548 _d4548 |
||